000 00343nam a22001457a 4500
008 250422b ||||| |||| 00| 0 eng d
020 _a9780716750369
041 _aeng
080 _21992
_a101AGO
082 _2101AGO
_a101AGO
100 _a42
101 _aFILOZOFI
245 _aCHEMICAL COMMUNICATION
_cWILLIAM C.AGOSTA
942 _2udc
_cBK
999 _c60674
_d60674